000 004160000a22001690004500
003 MACL
005 20160107161307.0
008 160107b xxu||||| |||| 00| 0 eng d
040 _aMACL
_cMACL
041 _aEnglish
082 _a900/BAS
100 _aBasu, K K
_929347
245 _aThe Tarikh I Mubarakshahi
260 _bOrient parerbacks
_c1932
_aBaroda
650 _aHistory
_929348
942 _cBK
_k900/bas
_2ddc
999 _c34781
_d34781